000 00242nam a2200109Ia 4500
999 _c9769
_d9769
020 _a978-81-317-9540-8
100 _aFrank Wood and Alan
245 0 _aBusiness Accounting 2
260 _aCanada
_bPearson
_c2003
300 _a951
942 _cBK